LEADER 03684nam 22007095 450 001 996465662703316 005 20200810132640.0 010 $a3-319-47157-0 024 7 $a10.1007/978-3-319-47157-0 035 $a(CKB)3710000000893640 035 $a(DE-He213)978-3-319-47157-0 035 $a(MiAaPQ)EBC5576979 035 $a(PPN)196323231 035 $a(EXLCZ)993710000000893640 100 $a20160930d2016 u| 0 101 0 $aeng 135 $aurnn|008mamaa 181 $ctxt$2rdacontent 182 $cc$2rdamedia 183 $acr$2rdacarrier 200 10$aMachine Learning in Medical Imaging$b[electronic resource] $e7th International Workshop, MLMI 2016, Held in Conjunction with MICCAI 2016, Athens, Greece, October 17, 2016, Proceedings /$fedited by Li Wang, Ehsan Adeli, Qian Wang, Yinghuan Shi, Heung-Il Suk 205 $a1st ed. 2016. 210 1$aCham :$cSpringer International Publishing :$cImprint: Springer,$d2016. 215 $a1 online resource (XIV, 324 p. 127 illus.) 225 1 $aImage Processing, Computer Vision, Pattern Recognition, and Graphics ;$v10019 311 $a3-319-47156-2 320 $aIncludes bibliographical references and index. 330 $aThis book constitutes the refereed proceedings of the 7th International Workshop on Machine Learning in Medical Imaging, MLMI 2016, held in conjunction with MICCAI 2016, in Athens, Greece, in October 2016. The 38 full papers presented in this volume were carefully reviewed and selected from 60 submissions. The main aim of this workshop is to help advance scientific research within the broad field of machine learning in medical imaging. The workshop focuses on major trends and challenges in this area, and presents works aimed to identify new cutting-edge techniques and their use in medical imaging. 410 0$aImage Processing, Computer Vision, Pattern Recognition, and Graphics ;$v10019 606 $aOptical data processing 606 $aPattern recognition 606 $aHealth informatics 606 $aData mining 606 $aArtificial intelligence 606 $aImage Processing and Computer Vision$3https://scigraph.springernature.com/ontologies/product-market-codes/I22021 606 $aPattern Recognition$3https://scigraph.springernature.com/ontologies/product-market-codes/I2203X 606 $aHealth Informatics$3https://scigraph.springernature.com/ontologies/product-market-codes/I23060 606 $aData Mining and Knowledge Discovery$3https://scigraph.springernature.com/ontologies/product-market-codes/I18030 606 $aArtificial Intelligence$3https://scigraph.springernature.com/ontologies/product-market-codes/I21000 615 0$aOptical data processing. 615 0$aPattern recognition. 615 0$aHealth informatics. 615 0$aData mining. 615 0$aArtificial intelligence. 615 14$aImage Processing and Computer Vision. 615 24$aPattern Recognition. 615 24$aHealth Informatics. 615 24$aData Mining and Knowledge Discovery. 615 24$aArtificial Intelligence. 676 $a006.6 702 $aWang$b Li$4edt$4http://id.loc.gov/vocabulary/relators/edt 702 $aAdeli$b Ehsan$4edt$4http://id.loc.gov/vocabulary/relators/edt 702 $aWang$b Qian$4edt$4http://id.loc.gov/vocabulary/relators/edt 702 $aShi$b Yinghuan$4edt$4http://id.loc.gov/vocabulary/relators/edt 702 $aSuk$b Heung-Il$4edt$4http://id.loc.gov/vocabulary/relators/edt 801 0$bMiAaPQ 801 1$bMiAaPQ 801 2$bMiAaPQ 906 $aBOOK 912 $a996465662703316 996 $aMachine Learning in Medical Imaging$91918862 997 $aUNISA LEADER 02818nam 2200577Ia 450 001 9911006533603321 005 20200520144314.0 010 $a1-62870-366-0 010 $a1-280-36162-X 010 $a9786610361625 010 $a1-84569-075-3 035 $a(CKB)1000000000247089 035 $a(EBL)269376 035 $a(OCoLC)475996761 035 $a(SSID)ssj0000097285 035 $a(PQKBManifestationID)11133011 035 $a(PQKBTitleCode)TC0000097285 035 $a(PQKBWorkID)10114187 035 $a(PQKB)11677930 035 $a(MiAaPQ)EBC269376 035 $a(MiAaPQ)EBC1639691 035 $a(Au-PeEL)EBL269376 035 $a(EXLCZ)991000000000247089 100 $a20050616d2005 uy 0 101 0 $aeng 135 $aur|n|---||||| 181 $ctxt 182 $cc 183 $acr 200 00$aAdhesive bonding $escience, technology and applications /$fedited by R.D. Adams 210 $aBoca Raton, FL $cCRC Press ;$aCambridge $cWoodhead Publishing$d2005 215 $a1 online resource (559 p.) 300 $aCRC Press order no. WP2584. 311 $a1-85573-741-8 320 $aIncludes bibliographical references and index. 327 $aContents; Contributor contact details; 1 History of adhesive bonding; 2 What are adhesives and sealants and how do they work?; 3 Surfaces: how to assess; 4 Surfaces: how to treat; 5 Stress analysis; 6 Environmental (durability) effects; 7 Non-destructive testing; 8 Impact behaviour of adhesively bonded joints; 9 Fracture mechanics of adhesive bonds; 10 Fatigue; 11 Vibration damping; 12 Joining similar and dissimilar materials; 13 Bonding of composites; 14 Building and construction - steel and aluminium; 15 Building and construction - timber; 16 Automobiles; 17 Boats and marine 327 $a18 Shoe industry19 Electrical; 20 Aerospace; Index 330 $aThis important collection reviews key research on adhesive behaviour and applications in sectors as diverse as construction and automotive engineering. The book is divided into three main parts: fundamentals, mechanical properties and applications. Part 1 focuses on the basic properties of adhesives, surface assessment and treatment. Part 2 concentrates on understanding how adhesives perform under stress and the factors affecting fatigue and failure. The final part of the book reviews industry specific applications in areas such as building and construction, transport and electrical engineerin 606 $aAdhesives 606 $aBinders (Materials) 615 0$aAdhesives. 615 0$aBinders (Materials) 676 $a668.3 701 $aAdams$b Robert D$0166641 801 0$bMiAaPQ 801 1$bMiAaPQ 801 2$bMiAaPQ 906 $aBOOK 912 $a9911006533603321 996 $aAdhesive bonding$94391430 997 $aUNINA